000 01076nam a22002537a 4500
003 OSt
005 20250911175618.0
008 240208b ||||| |||| 00| 0 eng d
040 _c0
082 _aDPer 621.381 In821 April 2022 v. 37 n. 4
100 _aLi, Pengkun.
_eauthor.
_951971
245 _aDC impedance modeling and design-oriented harmonic stability analysis of MMC-PCCF-based HVDC system /
_cPengkun Li, Yue Wang, Xuan Li, Bo Yue, Runtian Li, Bole Feng, and Taiyuan Yin.
260 _aNew York ;
_bThe Institute of Electrical and Electronics Engineers, Inc. ,
_cApril 2022.
300 _aVolume 37, pages 4301-4319 :
_billustration ;
_c28 cm.
500 _aIEEE Transaction on Power Electronics, vol. 37, no. 4, pages 4301-4319, April 2022.
700 _aLi, Pengkun.
_eauthor.
_951971
700 _aWang, Yue.
_eauthor.
_951972
700 _aLi, Xuan.
_eauthor.
_951973
700 _aYue, Bo.
_eauthor.
_951974
700 _aLi, Runtian.
_eauthor.
_951975
700 _aFeng, Bole.
_eauthor.
_951976
700 _aYin, Taiyuan.
_eauthor.
_951977
942 _2ddc
_cPER
999 _c19024
_d19024